Welcome to WEB OPAC of MRSPTU Central Library

Polymers and polymer composites in construction (Record no. 415)

MARC details
000 -LEADER
fixed length control field 00374nam a2200145Ia 4500
008 - FIXED-LENGTH DATA ELEMENTS--GENERAL INFORMATION
fixed length control field 230711s9999||||xx |||||||||||||| ||und||
041 ## - LANGUAGE CODE
Language code of text/sound track or separate title ENG
082 ## - DEWEY DECIMAL CLASSIFICATION NUMBER
Classification number 624
Item number HO-P
100 ## - MAIN ENTRY--PERSONAL NAME
Personal name Hollaway,Leonard
245 #0 - TITLE STATEMENT
Title Polymers and polymer composites in construction
250 ## - EDITION STATEMENT
Edition statement 1st Ed.
260 ## - PUBLICATION, DISTRIBUTION, ETC.
Date of publication, distribution, etc. 1990
Place of publication, distribution, etc. New York
Name of publisher, distributor, etc. Thames & Hudson
650 ## - SUBJECT ADDED ENTRY--TOPICAL TERM
Topical term or geographic name entry element Textile Engineering
942 ## - ADDED ENTRY ELEMENTS (KOHA)
Koha item type Book
Holdings
Withdrawn status Lost status Damaged status Not for loan Collection Home library Current library Date acquired Total checkouts Full call number Barcode Date last seen Price effective from Koha item type
          MRSPTU Central Library MRSPTU Central Library     624 HO-P 2154 08/17/2023 08/17/2023 Book
          MRSPTU Central Library MRSPTU Central Library     624 HO-P PBB2154 08/17/2023 08/17/2023 Book

Website Designed and Developed by MRSPTU Central Library Team

E-mail Id: librarian@mrsptu.ac.in